HERE'S Goofy [
| Format: | Book |
|---|---|
| Published: |
s.l. :
Walt Disney Home Video ,
19_.
|
| Subjects: |
MARC
| LEADER | 00000cam a2200000 7i4500 | ||
|---|---|---|---|
| 001 | 0000000237 | ||
| 002 | 000000307 | ||
| 005 | 20000330.0 | ||
| 020 | |a 000000307 | ||
| 090 | 0 | 0 | |a JF |b HER |
| 245 | 0 | 0 | |a HERE'S Goofy [ |h videorecording] |
| 260 | |a s.l. : |b Walt Disney Home Video , |c 19_. | ||
| 300 | |a 1 videocassette VHS (43:00 min) : |b Col.(PAL) | ||
| 650 | 0 | 0 | |a Humourous fiction |x cartoons and caricatures |
| 999 | |a PV0236 |b VIDEO |c JUNIOR REFERENCE |e PERPUSTAKAAN KOMUNITI PETALING JAYA | ||